000 00291nam a22001337a 4500
008 170213b xxu||||| |||| 00| 0 eng d
020 _a9780131124875
041 _aeng
080 _a61
100 _a4
101 _aSHM
245 _aPREHOSPITAL EMERGENCY CARE
_cMISTOVICH
942 _2udc
_cBK
999 _c5323
_d5323